| 000 | 00432nam a2200193Ia 4500 | ||
|---|---|---|---|
| 005 | 20250423095248.0 | ||
| 008 | 250422s9999 xx 000 0 und d | ||
| 020 | _a0-13-241065-6 | ||
| 050 | _aQH 430 .K576/ | ||
| 100 | _aKlug, William S. | ||
| 245 | 0 | _aEssential of genetics | |
| 250 | _a6th ed. | ||
| 260 | _aSan Francisco | ||
| 260 | _bPearson | ||
| 260 | _c2007 | ||
| 300 | _a553 p | ||
| 650 | _aBiology | ||
| 942 | _cBK | ||
| 999 |
_c29740 _d29740 |
||